000 00653cam a2200241ua 4500
001 9319
008 160613n ii |||gr||||Z||||||asm
020 _a9789382750192
040 _cMAIN
041 _aasm
082 _a361.1
100 _aBorgohain, Himanta,
_eAuthor.
245 _aSamajik samasya aru samajik kalyan
_cby Himanta Borgohain
250 _a1st.
260 _aDibr2ugarh:
_bBanalata,
_c2013.
300 _a147p.
653 _aSocial problems & social welfare in general
653 _aSocial welfare
653 _aSocial problem
700 _aBorah, Birinchi Kumar,
_eAuthor.
700 _aHazarika, Dhruba,
_eAuthor.
942 _cBK
999 _c8382
_d8382